[Event "DM G7 grp1 2024"]
[Site "Svendborg"]
[Date "2024.04.01"]
[Round "7"]
[White "Nykjaer, Jess"]
[Black "Rasmussen, Johnny Koust"]
[Result "1/2-1/2"]
[WhiteElo "1990"]
[BlackElo "1909"]
[WhiteFideId "1427288"]
[BlackFideId "1422383"]
[PlyCount "84"]
[EventDate "2024.04.26"]
[EventType "swiss"]
[EventRounds "7"]
[EventCountry "DEN"]
[SourceTitle "Live v. Kasper Jerwiarz"]

1. e4 e5 2. Bc4 Nf6 3. d3 Nc6 4. Nc3 Bc5 5. Be3 Bb6 
6. Nf3 d6 7. h3 Be6 8. Nd5 Bxe3 9. fxe3 Na5 10. Nxf6+ Qxf6 
11. Bxe6 Qxe6 12. O-O h6 13. Rf2 Nc6 14. d4 Ne7 15. d5 Qd7 
16. Qd3 O-O 17. Raf1 a6 18. b3 Qb5 19. c4 Qd7 20. Nh4 Rac8 
21. Nf5 Nxf5 22. exf5 f6 23. e4 Rf7 24. Rc1 c5 25. dxc6 Qxc6 
26. Rd1 Rd7 27. Qd5+ Qxd5 28. Rxd5 Kf8 29. Rfd2 Ke7 30. Kf2 b6 
31. Kf3 Rg8 32. g4 Rh8 33. h4 Rc8 34. g5 hxg5 35. hxg5 Rh8 
36. gxf6+ gxf6 37. Rg2 Kf7 38. Rdd2 Rh3+ 39. Rg3 Rxg3+ 40. Kxg3 Rd8 
41. Kf3 a5 42. Rh2 Kg7 1/2-1/2

[Event "DM G7 grp1 2024"]
[Site "Svendborg"]
[Date "2024.04.01"]
[Round "7"]
[White "Christensen, Michael"]
[Black "Bruntse, Kathrine Lindegaard"]
[Result "0-1"]
[WhiteElo "1899"]
[BlackElo "1873"]
[WhiteFideId "1463667"]
[BlackFideId "1472283"]
[PlyCount "182"]
[EventDate "2024.04.26"]
[EventType "swiss"]
[EventRounds "7"]
[EventCountry "DEN"]
[SourceTitle "Live v. Kasper Jerwiarz"]

1. e4 c5 2. d4 cxd4 3. c3 dxc3 4. Nxc3 Nc6 5. Nf3 d6 
6. Bc4 h6 7. O-O Nf6 8. Qe2 Bg4 9. Rd1 a6 10. e5 Bxf3 
11. Qxf3 Nxe5 12. Qxb7 Nxc4 13. Qc6+ Nd7 14. Qxc4 Qc8 15. Qe2 Qc6 
16. Bf4 e6 17. Rac1 Qb7 18. Ne4 d5 19. Rc7 Qb5 20. Qc2 Rd8 
21. Nc3 Qb4 22. Bg3 Bd6 23. a3 Qb6 24. Bxd6 Qxd6 25. Ne4 Qe5 
26. f3 O-O 27. Qc6 Nb8 28. Qc5 Qxb2 29. Nd6 Qe5 30. Ne4 Qf4 
31. Nf2 Qd6 32. Rc1 d4 33. Nd3 Qxc5 34. R1xc5 Rfe8 35. f4 Kf8 
36. Ne5 Re7 37. Rc8 Ke8 38. R8c7 Rxc7 39. Rxc7 Nd7 40. Nd3 Nb8 
41. Kf2 Rd7 42. Rc8+ Rd8 43. Rc7 Nd7 44. Ra7 Nb8 45. Rc7 Nd7 
46. Ra7 Nb8 47. Ne5 Nd7 48. Nc6 Rc8 49. Rxa6 Nb8 50. Nxb8 Rxb8 
51. Rd6 Ra8 52. Rxd4 Rxa3 53. Rb4 Ke7 54. h3 Kf6 55. Rb5 g5 
56. Rb4 Rc3 57. Ra4 gxf4 58. Rxf4+ Kg6 59. Rg4+ Kf5 60. Rg7 Kf6 
61. Rg4 h5 62. Rf4+ Kg6 63. h4 e5 64. Rb4 Kf5 65. g3 f6 
66. Ra4 Rc2+ 67. Ke3 Rc3+ 68. Kf2 Rd3 69. Rb4 Rd4 70. Rb5 Kg4 
71. Rb6 Rd2+ 72. Ke3 Rg2 73. Rxf6 Rxg3+ 74. Ke4 Kxh4 75. Kxe5 Kh3 
76. Rh6 h4 77. Kf4 Rg7 78. Kf3 Rf7+ 79. Ke2 Kg3 80. Rg6+ Kh2 
81. Rh6 h3 82. Rg6 Rb7 83. Kf2 Rb2+ 84. Kf1 Rg2 85. Rh6 Rg3 
86. Rc6 Rf3+ 87. Ke2 Kg2 88. Rh6 Rg3 89. Rf6 h2 90. Rf2+ Kh3 
91. Rf8 Rg4 0-1